El desarrollo integrado de Centroamérica en la presente década: bases propuestas para el perfeccionamiento y la reestructuración del Mercado Común Centroamericano

Salvato in:
Dettagli Bibliografici
Ente Autore: SIECA
Natura: testo
Pubblicazione: Buenos Aires: Banco Interamericano de Desarrollo (BID). Instituto para la Integración de América Latina (INTAL)
Tags: Aggiungi Tag
Nessun Tag, puoi essere il primo ad aggiungerne!!

MARC

LEADER 00000 a a2200000 04500
001 21417
003
040
090 |a 094301  
110 |a SIECA  
245 |a El desarrollo integrado de Centroamérica en la presente década: bases propuestas para el perfeccionamiento y la reestructuración del Mercado Común Centroamericano  
260 |a Buenos Aires:   |b Banco Interamericano de Desarrollo (BID). Instituto para la Integración de América Latina (INTAL)  
300 |a 113 p.; v. 1  
999 |c 12382  |d 12382